000 00250nam a2200097Ia 4500
001 1250492
005 20251031150857.0
008 251031s9999 xx 000 0 und d
245 0 _cGOGOL
_aG-5 ÖLÜ CANLAR
260 _bTÜRKİYE İŞ BANKASI YAYINLARI
999 _c1250492
_d1250492